[Event "Titled Tuesday intern op 16th Apr Early"]
[Site "Chess.com INT"]
[Date "2024.04.16"]
[Round "2"]
[White "Buraczewski, Rafal"]
[Black "Lymar, Vladislav"]
[Result "0-1"]
[WhiteElo "2126"]
[BlackElo "2179"]
[PlyCount "68"]
[EventDate "2024.04.16"]
[EventType "swiss (blitz)"]
[EventRounds "11"]
[EventCountry "USA"]
[SourceTitle "CB17_2024"]
[SourceDate "2024.04.24"]
[SourceVersion "1"]
[SourceVersionDate "2024.04.24"]
[SourceQuality "1"]

1. Nf3 f5 2. g3 Nf6 3. h4 d6 4. d3 e5 5. Bh3 Be7 6. Nbd2 0-0 7. b3 f4 8. Nf1 Bxh3 9. Rxh3 e4 10. dxe4 fxg3 11. Rxg3 Nc6 12. Bb2 Rf7 13. e5 dxe5 14. Nxe5 Bb4+ 15. Nd2 Nxe5 16. Bxe5 Bxd2+ 17. Qxd2 Qxd2+ 18. Kxd2 Ne4+ 19. Ke3 Nxg3 20. Bxg3 Re8+ 21. Kd3 Rd7+ 22. Kc3 Rxe2 23. Rg1 Rdd2 24. Be5 Rxc2+ 25. Kd3 g6 26. f4 Rxa2 27. h5 Rad2+ 28. Kc3 Rg2 29. Rh1 Rd7 30. hxg6 Rxg6 31. f5 Rg5 32. Rf1 Rd5 33. Bxc7 Rc5+ 34. Kd4 Rxc7 0-1

[Event "Titled Tuesday intern op 16th Apr Early"]
[Site "Chess.com INT"]
[Date "2024.04.16"]
[Round "3"]
[White "Skotheim, Andreas"]
[Black "Lymar, Vladislav"]
[Result "1-0"]
[WhiteElo "2214"]
[BlackElo "2179"]
[PlyCount "55"]
[EventDate "2024.04.16"]
[EventType "swiss (blitz)"]
[EventRounds "11"]
[EventCountry "USA"]
[SourceTitle "CB17_2024"]
[SourceDate "2024.04.24"]
[SourceVersion "1"]
[SourceVersionDate "2024.04.24"]
[SourceQuality "1"]

1. c4 e6 2. d4 d5 3. Nc3 c5 4. cxd5 exd5 5. Nf3 Nc6 6. g3 Nf6 7. Bg2 c4 8. 0-0 Bb4 9. Bd2 0-0 10. b3 Bxc3 11. Bxc3 Ne4 12. Be1 b5 13. a4 Qb6 14. axb5 Qxb5 15. bxc4 dxc4 16. Ne5 Nxe5 17. Ra5 Qb2 18. Bxe4 Bh3 19. Bxa8 Bxf1 20. Kxf1 Ng4 21. h3 Rxa8 22. hxg4 h6 23. Rc5 Qb7 24. d5 Rc8 25. Rxc8+ Qxc8 26. Qd4 Kf8 27. Bb4+ Ke8 28. Qe5+ 1-0

[Event "Titled Tuesday intern op 02nd Apr Early"]
[Site "Chess.com INT"]
[Date "2024.04.02"]
[Round "3"]
[White "Lymar, Vladislav"]
[Black "Vigoa Apecheche, Yanira"]
[Result "1-0"]
[WhiteElo "2179"]
[BlackElo "2232"]
[PlyCount "66"]
[EventDate "2024.04.02"]
[EventType "swiss (blitz)"]
[EventRounds "11"]
[EventCountry "USA"]
[SourceTitle "CB15_2024"]
[SourceDate "2024.04.10"]
[SourceVersion "1"]
[SourceVersionDate "2024.04.10"]
[SourceQuality "1"]

1. d4 Nf6 2. Bf4 c5 3. e3 cxd4 4. exd4 d6 5. c3 Bf5 6. h3 Nbd7 7. Nd2 h6 8. Ngf3 Rc8 9. Be2 g5 10. Bh2 Bg7 11. 0-0 0-0 12. Nc4 Bg6 13. Ne3 Nb6 14. Qb3 Ne4 15. a4 Rb8 16. a5 Nd7 17. Rfe1 Ndf6 18. Ra4 Qd7 19. Rb4 h5 20. a6 b6 21. d5 g4 22. hxg4 hxg4 23. Nd4 g3 24. Bxg3 Nxg3 25. fxg3 Ne4 26. Nc6 Ra8 27. g4 Bh6 28. Nf5 Bxf5 29. gxf5 Be3+ 30. Kh2 Qxf5 31. Nxe7+ Kh7 32. Nxf5 Bf4+ 33. Kg1 Rh8 1-0

[Event "Titled Tuesday intern op 02nd Apr Early"]
[Site "Chess.com INT"]
[Date "2024.04.02"]
[Round "8"]
[White "Lymar, Vladislav"]
[Black "Vincenti, Leonardo"]
[Result "0-1"]
[WhiteElo "2179"]
[BlackElo "2209"]
[PlyCount "108"]
[EventDate "2024.04.02"]
[EventType "swiss (blitz)"]
[EventRounds "11"]
[EventCountry "USA"]
[SourceTitle "CB15_2024"]
[SourceDate "2024.04.10"]
[SourceVersion "1"]
[SourceVersionDate "2024.04.10"]
[SourceQuality "1"]

1. d4 Nf6 2. Bf4 d6 3. e3 Nbd7 4. h3 e5 5. Bh2 Be7 6. c4 exd4 7. exd4 0-0 8. Nf3 Re8 9. Be2 c5 10. 0-0 Qb6 11. Nc3 Qxb2 12. Nb5 Bd8 13. Re1 cxd4 14. Nfxd4 Ba5 15. Nxd6 Bxe1 16. Nxe8 Nxe8 17. Rb1 Qd2 18. Qxe1 Qxd4 19. Bg4 Ndf6 20. Rd1 Qb6 21. c5 Qc6 22. Rd8 h5 23. Bf5 b6 24. Qe7 Bb7 25. f3 Rxd8 26. Qxd8 Qxc5+ 27. Kh1 Qxf5 28. Qb8 Bd5 29. Qxa7 Qb1+ 30. Bg1 Bxa2 31. Qxb6 Qxb6 32. Bxb6 Be6 33. Kh2 Nd5 34. Bc5 f5 35. Kg3 g5 36. Kf2 h4 37. Ba3 f4 38. Bb2 Kf7 39. Be5 Kg6 40. Kg1 Kf5 41. Bb8 Nef6 42. Kf2 Nd7 43. Bd6 N7b6 44. Bc5 Nc4 45. Bd4 Nce3 46. Bc5 Nc4 47. Bf8 Nc3 48. Bc5 Nd1+ 49. Ke1 Nde3 50. Kf2 Nb2 51. Bd4 Nd3+ 52. Kg1 Ne1 53. g4+ hxg3 54. Bb6 Nxf3+ 0-1

[Event "Titled Tuesday intern op 02nd Apr Early"]
[Site "Chess.com INT"]
[Date "2024.04.02"]
[Round "1"]
[White "Lymar, Vladislav"]
[Black "Zemlyanskii, Ivan"]
[Result "0-1"]
[WhiteElo "2179"]
[BlackElo "2530"]
[PlyCount "66"]
[EventDate "2024.04.02"]
[EventType "swiss (blitz)"]
[EventRounds "11"]
[EventCountry "USA"]
[SourceTitle "CB15_2024"]
[SourceDate "2024.04.10"]
[SourceVersion "1"]
[SourceVersionDate "2024.04.10"]
[SourceQuality "1"]

1. d4 d5 2. Bf4 Nf6 3. e3 c5 4. c3 Nc6 5. Bd3 Qb6 6. Qc1 Bg4 7. h3 Bh5 8. Nd2 e6 9. Ngf3 Be7 10. 0-0 0-0 11. Ne5 Rac8 12. a4 Nxe5 13. Bxe5 Nd7 14. a5 Qc6 15. Bh2 Bg6 16. Qc2 Bf6 17. Rfc1 cxd4 18. exd4 Bxd4 19. Bxg6 hxg6 20. Nf3 Bf6 21. Qd3 Nc5 22. Qe2 Nb3 23. Rab1 Nxc1 24. Rxc1 Qc4 25. Qd2 d4 26. Be5 dxc3 27. Rxc3 Qe4 28. Bxf6 gxf6 29. Rxc8 Rxc8 30. Qd7 Rc1+ 31. Kh2 Qf4+ 32. g3 Qxf3 33. Qc8+ Rxc8 0-1

[Event "Titled Tuesday intern op 13th Feb Late"]
[Site "Chess.com INT"]
[Date "2024.02.13"]
[Round "6"]
[White "Lymar, Vladislav"]
[Black "Hoffmann, Asa"]
[Result "1-0"]
[WhiteElo "2161"]
[BlackElo "2185"]
[PlyCount "155"]
[EventDate "2024.02.13"]
[EventType "swiss (blitz)"]
[EventRounds "11"]
[EventCountry "USA"]
[SourceTitle "CB08_2024"]
[SourceDate "2024.02.21"]
[SourceVersion "1"]
[SourceVersionDate "2024.02.21"]
[SourceQuality "1"]

1. f4 d6 2. Nf3 Nf6 3. g3 c5 4. Bg2 Nc6 5. 0-0 g6 6. d3 Bg7 7. e4 0-0 8. c3 Bd7 9. Na3 Rb8 10. Nc2 b5 11. a3 a5 12. Qe2 b4 13. axb4 axb4 14. Bd2 Qc8 15. cxb4 Nxb4 16. Nxb4 cxb4 17. Rfc1 Qb7 18. h3 Ra8 19. Be3 Bb5 20. Qd2 Bd7 21. g4 Rfc8 22. f5 Ne8 23. Nd4 Be5 24. Nb3 Ba4 25. Rxc8 Qxc8 26. Qxb4 Bxb3 27. Rxa8 Qxa8 28. Qxb3 Qa1+ 29. Bf1 Qxb2 30. Qxb2 Bxb2 31. d4 Nf6 32. Bd3 Nd7 33. Kf2 Kg7 34. Kf3 Bc3 35. Bb5 Nf8 36. Ke2 h5 37. Kd3 Bb2 38. Bg5 e6 39. Bc6 hxg4 40. hxg4 Ba3 41. Be7 Nh7 42. fxe6 fxe6 43. e5 Nf8 44. exd6 Kf7 45. Kc4 Nh7 46. Kb5 Nf6 47. Kb6 Nd5+ 48. Bxd5 exd5 49. Kc6 Ke6 50. Bg5 Bxd6 51. Kb5 Bg3 52. Be3 Be1 53. Kc6 Bc3 54. Kb5 Kd6 55. Ka4 Ke6 56. Kb3 Be1 57. Ka4 Bg3 58. Kb5 Bd6 59. Kc6 Be7 60. Kc7 Bd6+ 61. Kd8 Be7+ 62. Ke8 Bd6 63. Bg5 Bb4 64. Bh6 Bc3 65. Bg7 g5 66. Kf8 Bd2 67. Kg8 Bf4 68. Kh7 Kf7 69. Kh6 Be3 70. Be5 Ke6 71. Kg6 Ke7 72. Bf6+ Ke6 73. Bh8 Ke7 74. Kf5 Kf7 75. Bf6 Kf8 76. Ke5 Kf7 77. Bd8 Kg6 78. Kxd5 1-0

[Event "Titled Tuesday intern op 13th Feb Late"]
[Site "Chess.com INT"]
[Date "2024.02.13"]
[Round "11"]
[White "Melillo, Lucius"]
[Black "Lymar, Vladislav"]
[Result "1-0"]
[WhiteElo "2158"]
[BlackElo "2161"]
[PlyCount "75"]
[EventDate "2024.02.13"]
[EventType "swiss (blitz)"]
[EventRounds "11"]
[EventCountry "USA"]
[SourceTitle "CB08_2024"]
[SourceDate "2024.02.21"]
[SourceVersion "1"]
[SourceVersionDate "2024.02.21"]
[SourceQuality "1"]

1. d4 f5 2. Bf4 d6 3. e3 g6 4. h4 Nf6 5. h5 Rg8 6. hxg6 hxg6 7. Nf3 Bg7 8. Bc4 e6 9. Nbd2 Nc6 10. c3 Ne7 11. Qb3 Ned5 12. Bg5 c6 13. e4 fxe4 14. Nxe4 Qe7 15. 0-0-0 b5 16. Bd3 Bd7 17. Nh4 0-0-0 18. Nxg6 Qe8 19. Nxd6+ Kc7 20. Nxe8+ Rdxe8 21. Ne5 Rh8 22. a4 a6 23. c4 Nb6 24. axb5 cxb5 25. cxb5 axb5 26. Nxd7 Nfxd7 27. Bxb5 Rxh1 28. Rxh1 Bxd4 29. Rh7 Kd6 30. Bxd7 Nxd7 31. Qa3+ Nc5 32. Be3 e5 33. Bxd4 exd4 34. Rh5 Rc8 35. Qxc5+ Rxc5+ 36. Rxc5 Kxc5 37. Kd2 Kc4 38. g4 1-0

[Event "Titled Tuesday intern op 23rd Jan Late"]
[Site "Chess.com INT"]
[Date "2024.01.23"]
[Round "8"]
[White "Fromm, Marius"]
[Black "Lymar, Vladislav"]
[Result "1-0"]
[WhiteElo "2435"]
[BlackElo "2156"]
[PlyCount "157"]
[EventDate "2024.01.23"]
[EventType "swiss (blitz)"]
[EventRounds "11"]
[EventCountry "USA"]
[SourceTitle "CB05_2024"]
[SourceDate "2024.01.31"]
[SourceVersion "1"]
[SourceVersionDate "2024.01.31"]
[SourceQuality "1"]

1. e4 d6 2. Nf3 Nf6 3. Nc3 e5 4. d4 Nbd7 5. Bc4 Be7 6. 0-0 0-0 7. a4 a5 8. h3 c6 9. Re1 exd4 10. Qxd4 Nc5 11. Be3 Ne6 12. Qd2 Nxe4 13. Nxe4 d5 14. Bxd5 Qxd5 15. Qxd5 cxd5 16. Nc3 Bb4 17. Red1 Bxc3 18. bxc3 Rd8 19. Ne5 f6 20. Nf3 Bd7 21. Rxd5 Bc6 22. Rxd8+ Rxd8 23. Bb6 Rd5 24. c4 Rh5 25. Ne1 Nf4 26. f3 Ne2+ 27. Kf2 Nc3 28. Bd4 Nxa4 29. Nd3 Kf7 30. Ke3 Rf5 31. Nf4 g5 32. Nd5 b5 33. g4 Rxd5 34. cxd5 Bxd5 35. f4 Bg2 36. f5 Bd5 37. Kd3 Bc4+ 38. Kd2 Bd5 39. Re1 b4 40. Ra1 Bc6 41. Kd3 h6 42. Kc4 Bd7 43. Kd5 Be8 44. Kd6 Bb5 45. Kc7 Ke7 46. Re1+ Kf7 47. Re6 Nc3 48. Rxf6+ Ke7 49. Bxc3 bxc3 50. Rb6 Ba4 51. Rxh6 Bxc2 52. Rc6 a4 53. Rxc3 Bb3 54. Kc6 Kf6 55. Kd6 Bd1 56. Rc8 Bb3 57. Rf8+ Kg7 58. Ra8 Kf6 59. Kc5 Bc2 60. Kd4 Bd1 61. Ra6+ Kf7 62. Ke5 Bb3 63. Ra7+ Kg8 64. Kf6 Kh8 65. Kg6 Bg8 66. Rxa4 Bh7+ 67. Kh6 Bg8 68. f6 Bb3 69. Ra8+ Bg8 70. Rxg8+ Kxg8 71. Kg6 Kf8 72. f7 Ke7 73. Kg7 Ke6 74. f8Q Ke5 75. Qf5+ Kd4 76. Qxg5 Kd3 77. Qf5+ Kd2 78. h4 Kd1 79. h5 1-0

[Event "Titled Tuesday intern op 23rd Jan Late"]
[Site "Chess.com INT"]
[Date "2024.01.23"]
[Round "7"]
[White "Lymar, Vladislav"]
[Black "Carrasco Miranda, Andres"]
[Result "1-0"]
[WhiteElo "2156"]
[BlackElo "2234"]
[PlyCount "49"]
[EventDate "2024.01.23"]
[EventType "swiss (blitz)"]
[EventRounds "11"]
[EventCountry "USA"]
[SourceTitle "CB05_2024"]
[SourceDate "2024.01.31"]
[SourceVersion "1"]
[SourceVersionDate "2024.01.31"]
[SourceQuality "1"]

1. d4 Nf6 2. c4 g6 3. Nc3 d5 4. cxd5 Nxd5 5. e4 Nxc3 6. bxc3 Bg7 7. Nf3 0-0 8. Be2 c5 9. 0-0 Nc6 10. Be3 Qa5 11. d5 Ne5 12. Nd2 b5 13. Bxc5 Qc7 14. Bd4 b4 15. cxb4 Ng4 16. Nf3 e5 17. Rc1 Qb8 18. Bc5 Rd8 19. Bc4 a5 20. b5 Nf6 21. Re1 Nd7 22. Be7 Re8 23. d6 Nb6 24. Bxf7+ Kxf7 25. Qb3+ 1-0

[Event "Titled Tuesday intern op 23rd Jan Late"]
[Site "Chess.com INT"]
[Date "2024.01.23"]
[Round "3"]
[White "Lymar, Vladislav"]
[Black "Golubenko, Valentina"]
[Result "1-0"]
[WhiteElo "2156"]
[BlackElo "2209"]
[PlyCount "75"]
[EventDate "2024.01.23"]
[EventType "swiss (blitz)"]
[EventRounds "11"]
[EventCountry "USA"]
[SourceTitle "CB05_2024"]
[SourceDate "2024.01.31"]
[SourceVersion "1"]
[SourceVersionDate "2024.01.31"]
[SourceQuality "1"]

1. d4 g6 2. Bf4 Bg7 3. e3 d5 4. h3 c6 5. Nf3 Nf6 6. c4 Bf5 7. Nc3 0-0 8. Qb3 dxc4 9. Qxb7 Nbd7 10. Bxc4 Nb6 11. Bb3 Nfd5 12. Nxd5 cxd5 13. 0-0 Bd3 14. Rfc1 Bc4 15. Bxc4 dxc4 16. a4 Qc8 17. Qxe7 Nd5 18. Qe4 Nb4 19. Nd2 Re8 20. Qf3 Nd3 21. Rxc4 Qa6 22. Qc6 Qxc6 23. Rxc6 Nxf4 24. exf4 Bxd4 25. Nf3 Bxb2 26. Rb1 Re2 27. Rc7 a5 28. Rd1 Ba3 29. Rdd7 Rf8 30. Ne5 Re4 31. Nxf7 Rxf7 32. Rxf7 Rxa4 33. Rg7+ Kh8 34. Rxh7+ Kg8 35. Rhg7+ Kf8 36. Rxg6 Rxf4 37. Ra6 Bb4 38. Ra8# 1-0

[Event "Titled Tuesday intern op 23rd Jan Late"]
[Site "Chess.com INT"]
[Date "2024.01.23"]
[Round "5"]
[White "Mekhitarian, Krikor Sevag"]
[Black "Lymar, Vladislav"]
[Result "1-0"]
[WhiteElo "2554"]
[BlackElo "2156"]
[PlyCount "123"]
[EventDate "2024.01.23"]
[EventType "swiss (blitz)"]
[EventRounds "11"]
[EventCountry "USA"]
[SourceTitle "CB05_2024"]
[SourceDate "2024.01.31"]
[SourceVersion "1"]
[SourceVersionDate "2024.01.31"]
[SourceQuality "1"]

1. Nf3 d6 2. d4 f5 3. g3 g6 4. Bg2 Bg7 5. 0-0 Nf6 6. b3 0-0 7. Bb2 a5 8. Nbd2 a4 9. c4 c6 10. Qc2 Na6 11. Bc3 Kh8 12. b4 Nc7 13. a3 d5 14. e3 Ne4 15. Bb2 Be6 16. Rac1 Bg8 17. c5 Ne6 18. Ne1 g5 19. Nd3 Qe8 20. f3 Nxd2 21. Qxd2 h5 22. Rce1 Bh7 23. Ne5 Bxe5 24. dxe5 f4 25. Bh3 g4 26. Bg2 fxg3 27. f4 gxh2+ 28. Kh1 h4 29. e4 h3 30. f5 hxg2+ 31. Qxg2 Ng5 32. e6+ Rf6 33. exd5 cxd5 34. Qxd5 g3 35. Qg2 Qh5 36. Re3 Rd8 37. Rxg3 Rd1 38. Rxd1 Qxd1+ 39. Kxh2 Qh5+ 40. Kg1 Qd1+ 41. Qf1 Qxf1+ 42. Kxf1 Ne4 43. Re3 Bxf5 44. Bxf6+ Nxf6 45. b5 Be4 46. c6 bxc6 47. b6 c5 48. Rxe4 Nxe4 49. b7 c4 50. b8Q+ Kh7 51. Qe5 Nd2+ 52. Ke2 c3 53. Qxc3 Nb1 54. Qc2+ Kg7 55. Qxb1 Kf6 56. Qb4 Kxe6 57. Qxa4 Kf6 58. Ke3 e5 59. Ke4 Ke6 60. Qc6+ Ke7 61. Kxe5 Kd8 62. Qb7 1-0

[Event "Titled Tuesday intern op 23rd Jan Late"]
[Site "Chess.com INT"]
[Date "2024.01.23"]
[Round "4"]
[White "Novak, Ratko"]
[Black "Lymar, Vladislav"]
[Result "0-1"]
[WhiteElo "2037"]
[BlackElo "2156"]
[PlyCount "52"]
[EventDate "2024.01.23"]
[EventType "swiss (blitz)"]
[EventRounds "11"]
[EventCountry "USA"]
[SourceTitle "CB05_2024"]
[SourceDate "2024.01.31"]
[SourceVersion "1"]
[SourceVersionDate "2024.01.31"]
[SourceQuality "1"]

1. d4 d6 2. c4 e5 3. dxe5 dxe5 4. Qxd8+ Kxd8 5. f4 Bd6 6. fxe5 Bxe5 7. Nf3 Bf6 8. Bg5 Be6 9. e4 Kc8 10. Nc3 Bxc3+ 11. bxc3 Nd7 12. Nd4 Ne5 13. Nxe6 fxe6 14. 0-0-0 Nf6 15. Re1 Nfd7 16. g3 Nf3 17. Bd2 Nxe1 18. Bxe1 a5 19. Bh3 Ra6 20. Bf2 Rf8 21. Bd4 g6 22. c5 Rc6 23. a4 Kd8 24. e5 Nxc5 25. Bg2 Nb3+ 26. Kb2 Nxd4 0-1

[Event "Titled Tuesday intern op 09th Jan Early"]
[Site "Chess.com INT"]
[Date "2024.01.09"]
[Round "1"]
[White "Mirza, Diana"]
[Black "Lymar, Vladislav"]
[Result "0-1"]
[WhiteElo "1900"]
[BlackElo "2156"]
[PlyCount "66"]
[EventDate "2024.01.09"]
[EventType "swiss (blitz)"]
[EventRounds "11"]
[EventCountry "USA"]
[SourceTitle "CB03_2024"]
[SourceDate "2024.01.17"]
[SourceVersion "1"]
[SourceVersionDate "2024.01.17"]
[SourceQuality "1"]

1. e4 d6 2. d4 Nf6 3. Nc3 e5 4. dxe5 dxe5 5. Qxd8+ Kxd8 6. Bc4 Ke8 7. Nf3 Bd6 8. Bg5 Nbd7 9. 0-0-0 a6 10. a4 h6 11. Bh4 g5 12. Bg3 Nh5 13. Nd5 Nf4 14. Bxf4 gxf4 15. Nh4 Nc5 16. Nf5 Bxf5 17. exf5 Nxa4 18. Nf6+ Ke7 19. Ne4 Rad8 20. Rhe1 b5 21. Ba2 Rhg8 22. f6+ Ke8 23. Nxd6+ cxd6 24. g3 fxg3 25. fxg3 Rg6 26. Rf1 Nc5 27. Rde1 Nd7 28. Bd5 Rxf6 29. Rg1 Ke7 30. Bb7 Nc5 31. Bd5 Rg8 32. Rgf1 Rgg6 33. Rf2 Rxf2 0-1

[Event "Titled Tuesday intern op 09th Jan Early"]
[Site "Chess.com INT"]
[Date "2024.01.09"]
[Round "4"]
[White "Zhuk, Valeriy"]
[Black "Lymar, Vladislav"]
[Result "1/2-1/2"]
[WhiteElo "2248"]
[BlackElo "2156"]
[PlyCount "138"]
[EventDate "2024.01.09"]
[EventType "swiss (blitz)"]
[EventRounds "11"]
[EventCountry "USA"]
[SourceTitle "CB03_2024"]
[SourceDate "2024.01.17"]
[SourceVersion "1"]
[SourceVersionDate "2024.01.17"]
[SourceQuality "1"]

1. e4 c5 2. Nf3 a6 3. c4 Nc6 4. d4 cxd4 5. Nxd4 e5 6. Nc2 Nf6 7. Nc3 Bc5 8. Be2 0-0 9. 0-0 d6 10. Bg5 Be6 11. Ne3 h6 12. Bh4 Bd4 13. Ncd5 g5 14. Nxf6+ Qxf6 15. Bg3 Rac8 16. Nd5 Bxd5 17. cxd5 Ne7 18. Qd2 Qg6 19. Bg4 Qxe4 20. Bxc8 Rxc8 21. Rac1 Rxc1 22. Rxc1 Nxd5 23. h4 Qg4 24. hxg5 hxg5 25. Bh2 Kg7 26. Qd1 Qh4 27. Qe2 g4 28. Rd1 Qg5 29. Qe4 Nf6 30. Qd3 Nh5 31. Kf1 g3 32. Bxg3 b5 33. b3 Nf6 34. Qf3 Ng4 35. Qe4 Qh5 36. Rxd4 exd4 37. Qxd4+ Kg8 38. Qxd6 Qf5 39. f3 Ne3+ 40. Kf2 Nd5 41. Qd8+ Kh7 42. Qh4+ Kg7 43. Qd4+ Kg8 44. Qd2 Qe6 45. Bf4 b4 46. Be3 Nc3 47. Bd4 Nb5 48. Qg5+ Qg6 49. Qxg6+ fxg6 50. Be5 Kf7 51. Ke3 Ke6 52. Ke4 Na3 53. f4 Nc2 54. g4 a5 55. f5+ gxf5+ 56. gxf5+ Kf7 57. Kd5 Ne3+ 58. Kc5 Nxf5 59. Kb5 Ke6 60. Bb2 Kd5 61. Kxa5 Kc5 62. Bf6 Ne3 63. Be7+ Kc6 64. Bxb4 Nd1 65. Bd2 Nb2 66. Kb4 Nd3+ 67. Kc4 Nc5 68. b4 Ne4 69. Be3 Nd6+ 1/2-1/2

[Event "Titled Tuesday intern op 14th Nov Early"]
[Site "Chess.com INT"]
[Date "2023.11.14"]
[Round "11"]
[White "Hayrapetyan, Hovik"]
[Black "Lymar, Vladislav"]
[Result "1-0"]
[WhiteElo "2426"]
[BlackElo "2135"]
[PlyCount "91"]
[EventDate "2023.11.14"]
[EventType "swiss (blitz)"]
[EventRounds "11"]
[EventCountry "USA"]
[SourceTitle "CB47_2023"]
[SourceDate "2023.11.22"]
[SourceVersion "1"]
[SourceVersionDate "2023.11.22"]
[SourceQuality "1"]

1. d4 d6 2. Nf3 Nf6 3. c4 Nbd7 4. g3 e5 5. Bg2 Be7 6. 0-0 0-0 7. Nc3 c6 8. e4 Qe8 9. Re1 Bd8 10. h3 Ba5 11. Qc2 Qe7 12. Be3 Re8 13. Rad1 Bxc3 14. bxc3 exd4 15. cxd4 Qxe4 16. Qb3 Qe7 17. Bf4 Qf8 18. Qa3 Rxe1+ 19. Rxe1 c5 20. dxc5 Nxc5 21. Nd4 Bd7 22. Nb3 Bc6 23. Nxc5 Bxg2 24. Ne6 fxe6 25. Bxd6 Qe8 26. Kxg2 Qc6+ 27. Kg1 Qxc4 28. Be5 Nd5 29. Qd6 Qc6 30. Qa3 a6 31. Rc1 Qd7 32. Rc4 Rf8 33. Rg4 g6 34. Ba1 Qb5 35. Qc1 Qe2 36. Qb2 Qxb2 37. Bxb2 Rc8 38. Be5 Rc2 39. a4 b5 40. axb5 axb5 41. Bd6 Rc6 42. Ba3 Rc3 43. Bd6 Rc4 44. Rg5 b4 45. Re5 Kf7 46. Re1 1-0

[Event "Titled Tuesday intern op 14th Nov Early"]
[Site "Chess.com INT"]
[Date "2023.11.14"]
[Round "2"]
[White "Lymar, Vladislav"]
[Black "Garrido, Denis"]
[Result "1-0"]
[WhiteElo "2135"]
[BlackElo "2227"]
[PlyCount "63"]
[EventDate "2023.11.14"]
[EventType "swiss (blitz)"]
[EventRounds "11"]
[EventCountry "USA"]
[SourceTitle "CB47_2023"]
[SourceDate "2023.11.22"]
[SourceVersion "1"]
[SourceVersionDate "2023.11.22"]
[SourceQuality "1"]

1. d4 Nf6 2. c4 e6 3. Bf4 d5 4. cxd5 exd5 5. e3 Bd6 6. Bxd6 Qxd6 7. Bd3 0-0 8. Nc3 c6 9. h3 Re8 10. Qc2 Nbd7 11. Nf3 Nf8 12. 0-0 Ne6 13. Rab1 g6 14. b4 a6 15. Rfc1 Ng7 16. a4 Bf5 17. b5 axb5 18. axb5 Ra3 19. bxc6 bxc6 20. Bxf5 Nxf5 21. Rb6 Rea8 22. Nb5 Qb4 23. Qxc6 Ra1 24. g4 Rxc1+ 25. Qxc1 Ne7 26. Rxf6 Qxb5 27. Ne5 Rf8 28. Qc7 Qb4 29. Kg2 Kg7 30. Rb6 Qa5 31. Qxe7 Qxb6 32. Qxf8+ 1-0

[Event "Titled Tuesday intern op 14th Nov Early"]
[Site "Chess.com INT"]
[Date "2023.11.14"]
[Round "7"]
[White "Lymar, Vladislav"]
[Black "Joie, Sebastien"]
[Result "1-0"]
[WhiteElo "2135"]
[BlackElo "2396"]
[PlyCount "81"]
[EventDate "2023.11.14"]
[EventType "swiss (blitz)"]
[EventRounds "11"]
[EventCountry "USA"]
[SourceTitle "CB47_2023"]
[SourceDate "2023.11.22"]
[SourceVersion "1"]
[SourceVersionDate "2023.11.22"]
[SourceQuality "1"]

1. d4 d5 2. c4 e6 3. cxd5 exd5 4. Bf4 Nf6 5. e3 Be7 6. Bd3 0-0 7. Nc3 c5 8. dxc5 Bxc5 9. Nf3 h6 10. 0-0 Nc6 11. Rc1 Be6 12. Nb5 Bb6 13. Bb1 Bg4 14. h3 Bxf3 15. Qxf3 a6 16. Nd6 Qd7 17. Nf5 Ne7 18. Nxh6+ gxh6 19. Bxh6 Ne4 20. Bxe4 dxe4 21. Qf6 Nf5 22. Qxb6 Rfc8 23. Qf6 Qe6 24. Qxe6 fxe6 25. Bf4 Ne7 26. Rfd1 Nd5 27. Be5 Kf7 28. a3 Kg6 29. g4 Kf7 30. Kg2 b5 31. Kg3 a5 32. h4 b4 33. axb4 axb4 34. Rxc8 Rxc8 35. Rd4 Rc2 36. Rxe4 Rd2 37. h5 Rc2 38. g5 Rc1 39. g6+ Kg8 40. Kg2 Rc2 41. Bd4 1-0

[Event "Titled Tuesday intern op 14th Nov Early"]
[Site "Chess.com INT"]
[Date "2023.11.14"]
[Round "3"]
[White "Lymar, Vladislav"]
[Black "Kornyukov, Alexey"]
[Result "1-0"]
[WhiteElo "2135"]
[BlackElo "2452"]
[PlyCount "39"]
[EventDate "2023.11.14"]
[EventType "swiss (blitz)"]
[EventRounds "11"]
[EventCountry "USA"]
[SourceTitle "CB47_2023"]
[SourceDate "2023.11.22"]
[SourceVersion "1"]
[SourceVersionDate "2023.11.22"]
[SourceQuality "1"]

1. d4 Nf6 2. c4 e6 3. Bf4 b6 4. a3 Bb7 5. Nc3 d5 6. cxd5 exd5 7. e3 Bd6 8. Nh3 0-0 9. Bd3 c5 10. b3 cxd4 11. Bxd6 Qxd6 12. Nb5 Qc5 13. Rc1 Qe7 14. Rc7 Qe6 15. Nxd4 Qd6 16. Rxb7 Nbd7 17. b4 Rfc8 18. 0-0 a6 19. Nf5 Qc6 20. Ne7+ 1-0

[Event "Titled Tuesday intern op 14th Nov Early"]
[Site "Chess.com INT"]
[Date "2023.11.14"]
[Round "8"]
[White "Rogov, Matfey"]
[Black "Lymar, Vladislav"]
[Result "0-1"]
[WhiteElo "2213"]
[BlackElo "2135"]
[PlyCount "46"]
[EventDate "2023.11.14"]
[EventType "swiss (blitz)"]
[EventRounds "11"]
[EventCountry "USA"]
[SourceTitle "CB47_2023"]
[SourceDate "2023.11.22"]
[SourceVersion "1"]
[SourceVersionDate "2023.11.22"]
[SourceQuality "1"]

1. e4 d6 2. d4 Nf6 3. Nc3 e5 4. Nf3 Nbd7 5. g4 Nxg4 6. Rg1 exd4 7. Nxd4 Nde5 8. Be2 Qh4 9. Rg2 Qh3 10. Kf1 c5 11. Nf5 Bxf5 12. Bf4 Be6 13. Nb5 0-0-0 14. b4 a6 15. bxc5 axb5 16. c6 bxc6 17. a4 b4 18. a5 Qc3 19. a6 Kb8 20. a7+ Ka8 21. Ra6 Be7 22. Rg3 Qc5 23. h3 Qxf2# 0-1

[Event "Titled Tuesday intern op 24th Oct Late"]
[Site "Chess.com INT"]
[Date "2023.10.24"]
[Round "6"]
[White "Lymar, Vladislav"]
[Black "Arman, Deniz"]
[Result "1-0"]
[WhiteElo "2135"]
[BlackElo "2287"]
[PlyCount "55"]
[EventDate "2023.10.24"]
[EventType "swiss (blitz)"]
[EventRounds "11"]
[EventCountry "USA"]
[SourceTitle "Mega2024 Update 01"]
[Source "Chessbase"]
[SourceDate "2023.11.12"]
[SourceVersion "1"]
[SourceVersionDate "2023.11.12"]
[SourceQuality "1"]

1. d4 d5 2. c4 c6 3. Nf3 e6 4. Qc2 f6 5. e4 dxe4 6. Qxe4 Bb4+ 7. Bd2 Bxd2+ 8. Nbxd2 Ne7 9. Bd3 e5 10. Qh4 Bf5 11. Bxf5 Nxf5 12. Qg4 Nxd4 13. Nxd4 Qxd4 14. Qxg7 Rf8 15. Qxb7 Qb6 16. Qxh7 Nd7 17. Qg6+ Ke7 18. 0-0 Rh8 19. Ne4 Rag8 20. Qf5 Rh6 21. Rad1 Qc7 22. Rd6 Rgg6 23. Qe6+ Kd8 24. Rfd1 Rg7 25. Nxf6 Kc8 26. Rxd7 Rxd7 27. Rxd7 Qa5 28. Qe8+ 1-0